Petit atlas historique du Moyen Âge (notice n° 1706540)
[ vue normale ]
| 000 -LEADER | |
|---|---|
| fixed length control field | 01431cam a2200133 4500500 |
| 005 - DATE AND TIME OF LATEST TRANSACTION | |
| control field | 20260322000455.0 |
| 041 ## - LANGUAGE CODE | |
| Language code of text/sound track or separate title | fre |
| 042 ## - AUTHENTICATION CODE | |
| Authentication code | dc |
| 100 10 - MAIN ENTRY--PERSONAL NAME | |
| Personal name | Albert, Jean-Marc |
| Relator term | author |
| 245 00 - TITLE STATEMENT | |
| Title | Petit atlas historique du Moyen Âge |
| 260 ## - PUBLICATION, DISTRIBUTION, ETC. | |
| Name of publisher, distributor, etc. | Armand Colin,<br/> |
| Date of publication, distribution, etc. | 2024.<br/> |
| 520 ## - SUMMARY, ETC. | |
| Summary, etc. | Cet atlas historique du Moyen Âge présente en 42 fiches dix siècles d’époque médiévale. De l’Antiquité tardive au Bas Moyen Âge, soit du Ve au XVe siècle, il aborde les grandes thématiques et les événements importants de la période. En s’ouvrant aux espaces lointains – Asie, Afrique, Amérique du Sud – il donne à voir et à comprendre la période médiévale dans toute sa diversité.S’appuyant sur un déroulé chronologique, l’ouvrage permet de dégager la trame générale des grandes phases de l’époque médiévale et montre les traits essentiels d’un événement, d’une aire de civilisation, d’un mécanisme économique ou d’un courant artistique.Un index des thèmes, des noms propres et des lieux facilite la compréhension de la période.Des pistes bibliographiques à la fin de chaque fiche permettent au lecteur d’approfondir les thèmes abordés.- Un ouvrage en deux couleurs- 40 cartes originales- des généalogies, des chronologies, des plans et des tableaux |
| 856 41 - ELECTRONIC LOCATION AND ACCESS | |
| Uniform Resource Identifier | <a href="https://shs.cairn.info/petit-atlas-historique-du-moyen-age--9782200639259?lang=fr&redirect-ssocas=7080">https://shs.cairn.info/petit-atlas-historique-du-moyen-age--9782200639259?lang=fr&redirect-ssocas=7080</a> |
Pas d'exemplaire disponible.




Réseaux sociaux